000 00373nam a2200157Ia 4500
008 230524s9999 xx 000 0 und d
082 _a621.892
_bGUP
100 _aSudhir Gupta
245 0 _aElements of Control Systems
250 _a1ST
260 _aNEW DELHI
_bPHI
_c2006
300 _aXVI;933
500 _aQuantity Number: 2
650 _aElectrical
942 _cBK
999 _c37236
_d37236